Normal view MARC view
  • Villancicos

Entry Materia

Number of records used in: 3

001 - NÚMERO DE CONTROL DEL REGISTRO

  • campo de control: 25733

003 - IDENTIFICADOR DE NUMERO DE CONTROL

  • campo de control: MX-MxUPN

005 - FECHA Y HORA DE LA ÚLTIMA TRANSACCIÓN

  • campo de control: 20241202090532.0

008 - DATOS DE LONGITUD FIJA

  • campo de control de longitud fija: 241202n| acnnnbabn | ana |d

035 ## - NÚMERO DE CONTROL DEL SISTEMA

  • Número de control del sistema: UPN10000025742

040 ## - FUENTE DE LA CATALOGACIÓN

  • Centro catalogador de origen: MX-MxUPN
  • Lengua de catalogación: spa
  • Agencia de transcripción: MX-MxUPN

150 ## - ENCABEZAMIENTO - TEMÁTICO

  • Término de materia o nombre geográfico como elemento inicial: Villancicos

450 ## - VÉASE - MATERIA

  • Encabezamiento temático: Villancicos de Navidad

450 ## - VÉASE - MATERIA

  • Encabezamiento temático: Villancicos de Pascua

670 ## - FUENTE EN LA QUE SE LOCALIZARON DATOS

  • Cita de la fuente: E

680 ## - NOTA GENERAL CON DESPLIEGUE PÚBLICO

  • Texto explicativo: Aquí se asientan las colecciones de villancicossin distinción de iglesia. lengua o nacionalidad

902 ## - CATALOGADOR

  • Catalogador: 30052017